Brawl Stars - Who Wants to Be a Millionaire - Statistics

General Stats
  • This quiz has been taken 59 times
  • The average score is 12 of 15
Answer Stats
Question Answer % Correct
($100) What Brawler is of the 'Starter' rarity? Shelly
98%
($200) What Brawler category is Frank considered as? Tank
98%
($16,000) Out of these brawlers, who can NOT perform a jump with their super? Alli
94%
($500) Frank and Mortis are in the 'Undead Trio' with what other Brawler? Emz
94%
($4,000) Brawl Stars is owned by what company? Supercell
94%
($125,000) Which of these brands has Brawl Stars NOT done a Collab with? Spider-Man
92%
($300) When Angelo attacks, what do they shoot? Arrows
91%
($64,000) Which of these brawlers has NOT gotten a custom 'Brawler Box' event? Lumi
87%
($2,000) Which of these brawlers does NOT have a Mecha Skin? Fang
79%
($500,000) What rarity has the highest amount brawlers? Mythic
72%
*CHECKPOINT* ($32,000) What was Pam's name before it was changed? Mama J
70%
($8,000) In January 2026, Brawl Stars Increased the price of the Brawl Pass and Brawl Pass Plus to what amount? $8.99 & $12.99
68%
*CHECKPOINT* ($1,000) When Did Brawl Stars Globally Release? December 12, 2018
58%
($1,000,000) Which of these Brawl Stars Esports teams was REMOVED from the Partner Program at one point? STMN
40%
($250,000) What team won the first ever Brawl Stars World Championship in 2019? NOVA Esports
26%
No matching quizzes found
Score Distribution
Percent of People with Each Score
Percentile by Number Answered
Your Score History
You have not taken this quiz